[Event "ODJM B 2016"]
[Site "Willingen GER"]
[Date "2016.05.17"]
[Round "5"]
[White "Winterberg, Johanna"]
[Black "Rautenberg, Jakob"]
[Result "1-0"]
[Termination "normal"]
[Board "16"]
[WhiteElo "1755"]
[BlackElo "1704"]
[PlyCount "67"]
[WhiteFideId "12929344"]
[BlackFideId "16214749"]
[EventCountry "GER"]
[EventRounds "9"]
[EventType "swiss"]
[EventDate "2016.05.14"]

1. e4 e5 2. Nf3 Nc6 3. Bc4 Bc5 4. c3 Nf6 5. d4 exd4 6. O-O Nxe4 7. cxd4 Bb4 8.
a3 Be7 9. d5 Nb8 10. Re1 Nd6 11. Bd3 O-O 12. Nc3 b6 13. b4 Bb7 14. Bb2 Bf6 15.
Bc2 Nc4 16. Qd3 g6 17. Qxc4 d6 18. Qf4 Nd7 19. Rab1 Bg7 20. Ng5 Bh6 21. Nce4 f6
22. Qh4 Bxg5 23. Nxg5 fxg5 24. Qh6 Nf6 25. Bxg6 hxg6 26. Qxg6+ Kh8 27. Re3 Bc8
28. Rf3 Qe7 29. Bxf6+ Rxf6 30. Qxf6+ Qxf6 31. Rxf6 Bb7 32. Rf5 Re8 33. Rxg5 Ba6
34. b5 1-0

[Event "ODJM B 2016"]
[Site "Willingen GER"]
[Date "2016.05.17"]
[Round "5"]
[White "Schiewe, Nadin"]
[Black "Caliebe, Nanke"]
[Result "0-1"]
[Termination "normal"]
[Board "17"]
[WhiteElo "1292"]
[BlackElo "1478"]
[PlyCount "98"]
[WhiteFideId "16209079"]
[BlackFideId "12980528"]
[EventCountry "GER"]
[EventRounds "9"]
[EventType "swiss"]
[EventDate "2016.05.14"]

1. d4 d5 2. Nf3 Nf6 3. e3 Bg4 4. Nbd2 e6 5. Be2 Bd6 6. O-O Nbd7 7. b3 O-O 8.
Bb2 Rc8 9. Ne5 Bxe2 10. Qxe2 c5 11. c4 Qc7 12. f4 Rfd8 13. Rf3 Qa5 14. Rh3 cxd4
15. exd4 Bb4 16. Ndf3 Rc7 17. Nxd7 Nxd7 18. Ne5 Nxe5 19. fxe5 dxc4 20. bxc4 Qa6
21. Qe4 h6 22. c5 Qc4 23. Qf3 Qb5 24. Qb3 a6 25. a3 Bd2 26. Qxb5 axb5 27. Kf2
b4 28. axb4 Bxb4 29. Ke2 b6 30. cxb6 Rc2+ 31. Kf1 Rxb2 32. b7 Be7 33. Ra7 Rb8
34. Rc3 R2xb7 35. Rxb7 Rxb7 36. Ke2 Rb2+ 37. Kf3 Rd2 38. Rc4 Bg5 39. h3 Rd3+
40. Ke2 Re3+ 41. Kf2 Rd3 42. Ke2 Rd2+ 43. Kf3 f6 44. g3 Rd3+ 45. Kg2 fxe5 46.
dxe5 Re3 47. Rc5 Rd3 48. h4 Be7 49. Rc8+ Kf7 0-1

[Event "ODJM B 2016"]
[Site "Willingen GER"]
[Date "2016.05.17"]
[Round "5"]
[White "Leßmann, Sönke"]
[Black "Tran, Minh Dat"]
[Result "1-0"]
[Termination "normal"]
[Board "18"]
[WhiteElo "1408"]
[BlackElo "1258"]
[PlyCount "53"]
[WhiteFideId "16222520"]
[BlackFideId "16244702"]
[EventCountry "GER"]
[EventRounds "9"]
[EventType "swiss"]
[EventDate "2016.05.14"]

1. e4 e5 2. Nf3 Nc6 3. Bc4 Bc5 4. c3 d6 5. d3 Bg4 6. Nbd2 Nf6 7. h3 Bh5 8. Nf1
O-O 9. Be3 Bxe3 10. Nxe3 Ne7 11. g4 Bg6 12. Qd2 h6 13. O-O-O c6 14. Nh4 b5 15.
Bb3 a5 16. Nef5 Bxf5 17. gxf5 a4 18. Bc2 Kh7 19. a3 Nc8 20. Nf3 Nh5 21. Rdg1
Nf4 22. Rg4 Nb6 23. Rhg1 Rg8 24. h4 Nd7 25. Rh1 Nf6 26. Rxf4 exf4 27. Ng5+ 1-0

[Event "ODJM B 2016"]
[Site "Willingen GER"]
[Date "2016.05.17"]
[Round "5"]
[White "Reuter, Max"]
[Black "Rokohl, Florian"]
[Result "0-1"]
[Termination "normal"]
[Board "19"]
[WhiteElo "1268"]
[BlackElo "1397"]
[PlyCount "98"]
[WhiteFideId "16263715"]
[BlackFideId "16229738"]
[EventCountry "GER"]
[EventRounds "9"]
[EventType "swiss"]
[EventDate "2016.05.14"]

1. e4 c5 2. Nc3 Nc6 3. f4 d6 4. Bc4 Nf6 5. a3 a6 6. a4 e6 7. Nf3 d5 8. exd5
exd5 9. Ba2 Bg4 10. O-O Nd4 11. Qe1+ Ne6 12. d3 Bxf3 13. Rxf3 Be7 14. Rf1 O-O
15. Bd2 Re8 16. Nd1 Nd4 17. Ne3 Bd6 18. Qf2 Bxf4 19. c3 Bxe3 20. Bxe3 Nc2 21.
Qxc2 Rxe3 22. Qf2 Qe7 23. Rae1 Rxe1 24. Rxe1 Qd6 25. Qf3 Rb8 26. c4 d4 27. Qe2
Qd7 28. Qe5 Re8 29. Qg3 Rxe1+ 30. Qxe1 Qxa4 31. Bb1 h6 32. Qd2 Qa1 33. Qc1 Ng4
34. h3 Ne3 35. Kf2 g5 36. g3 f5 37. Ke2 Kg7 38. Kd2 Qa5+ 39. Ke2 Qc7 40. Qg1
Qe5 41. Kd2 f4 42. Qh1 Qe7 43. gxf4 gxf4 44. Qe4 Qxe4 45. dxe4 Nxc4+ 46. Ke2
Kf6 47. b3 Nd6 48. Kf3 Ke5 49. h4 h5 0-1

[Event "ODJM B 2016"]
[Site "Willingen GER"]
[Date "2016.05.17"]
[Round "5"]
[White "Grey, Andrea"]
[Black "Rosenhain, Jonathan"]
[Result "1-0"]
[Termination "normal"]
[Board "20"]
[WhiteElo "1428"]
[BlackElo "1222"]
[PlyCount "121"]
[WhiteFideId "12971880"]
[BlackFideId "16212169"]
[EventCountry "GER"]
[EventRounds "9"]
[EventType "swiss"]
[EventDate "2016.05.14"]

1. Nf3 d5 2. d4 Nc6 3. b3 Nf6 4. Bb2 Bg4 5. e3 e6 6. a3 a6 7. c4 Be7 8. Be2 O-O
9. O-O Qd7 10. Nc3 Rad8 11. c5 Bxf3 12. Bxf3 e5 13. b4 e4 14. Be2 Qf5 15. Qb3
Rb8 16. a4 Rfc8 17. Rfb1 Ng4 18. Bxg4 Qxg4 19. Nxd5 Bg5 20. Nc3 Ne7 21. Qd1 Qf5
22. b5 a5 23. Ne2 Bh4 24. Qf1 Nd5 25. Bc3 b6 26. Rc1 Nf6 27. h3 Ra8 28. Ng3 Qg5
29. Qe1 h6 30. cxb6 cxb6 31. Bd2 Rab8 32. Ne2 Nd5 33. Nf4 Nxf4 34. exf4 Qe7 35.
Be3 Bf6 36. Rc3 Qd6 37. Rac1 Rxc3 38. Qxc3 Rd8 39. Rd1 Qd5 40. Qc2 Qe6 41. d5
Rxd5 42. Rxd5 Qxd5 43. Bxb6 Qa8 44. Qd2 Qb8 45. Bxa5 Qb7 46. Bc3 Be7 47. Qd4
Bf6 48. Qc4 Be7 49. Qc6 Qxc6 50. bxc6 Bd8 51. Be5 f6 52. Bb8 Kf7 53. c7 Bxc7
54. Bxc7 Ke7 55. a5 Kd7 56. Bb6 g5 57. fxg5 fxg5 58. Kf1 h5 59. Ke2 g4 60. hxg4
hxg4 61. Ke3 1-0

[Event "ODJM B 2016"]
[Site "Willingen GER"]
[Date "2016.05.17"]
[Round "5"]
[White "Hamm, Oliver"]
[Black "Ponomarev, Maximilian"]
[Result "0-1"]
[Termination "normal"]
[Board "21"]
[WhiteElo "1400"]
[BlackElo "1554"]
[PlyCount "108"]
[WhiteFideId "12999016"]
[BlackFideId "16216768"]
[EventCountry "GER"]
[EventRounds "9"]
[EventType "swiss"]
[EventDate "2016.05.14"]

1. d4 d5 2. Nf3 Nf6 3. e3 e6 4. Bd3 c5 5. c3 Nc6 6. Nbd2 Be7 7. O-O O-O 8. Re1
c4 9. Bc2 b5 10. a3 a5 11. e4 Bb7 12. e5 Nd7 13. Rf1 Re8 14. Ne1 f5 15. f4 Rf8
16. Nef3 h6 17. h3 b4 18. Rb1 b3 19. Bxb3 cxb3 20. Nxb3 Qb6 21. Nh2 a4 22. Nd2
Qd8 23. Qh5 Qe8 24. Qe2 Ba6 25. c4 dxc4 26. Re1 c3 27. Qf3 cxd2 28. Bxd2 Nxd4
29. Qc3 Ne2+ 30. Rxe2 Bxe2 31. Qc6 Bc5+ 32. Kh1 Kf7 33. Re1 Bd3 34. Qf3 Be4 35.
Qh5+ Kg8 36. Qe2 Qb8 37. Bc3 Qb3 38. Rc1 Rfc8 39. Qd2 Rd8 40. Qe2 Nb6 41. Qh5
Rac8 42. Re1 Bxa3 43. Bd4 Rxd4 44. Nf1 Bxb2 45. h4 a3 46. Qg6 a2 47. h5 a1=Q
48. Rxa1 Bxa1 49. Kg1 Rd1 50. Kh2 Qa2 51. Ne3 Rd2 52. Kh3 Nd7 53. Nc4 Nf8 54.
Qg3 Rxg2 0-1

[Event "ODJM B 2016"]
[Site "Willingen GER"]
[Date "2016.05.17"]
[Round "5"]
[White "Arndt, Lena"]
[Black "von Pückler, Konstantin"]
[Result "0-1"]
[Termination "normal"]
[Board "22"]
[WhiteElo "1124"]
[BlackElo "1327"]
[PlyCount "98"]
[WhiteFideId "16262476"]
[BlackFideId "16205847"]
[EventCountry "GER"]
[EventRounds "9"]
[EventType "swiss"]
[EventDate "2016.05.14"]

1. e4 c5 2. Nf3 e6 3. d4 cxd4 4. Nxd4 a6 5. c4 Qc7 6. b3 Nf6 7. Nc3 Bb4 8. Bd2
Bxc3 9. Bxc3 Nxe4 10. Bd2 Nxd2 11. Qxd2 Nc6 12. Be2 Qe5 13. Rd1 Qxd4 14. Qxd4
Nxd4 15. Rxd4 e5 16. Rd3 O-O 17. O-O f5 18. f3 Rd8 19. f4 e4 20. Rd6 Re8 21.
Rfd1 Kf7 22. h3 Re6 23. Rxe6 Kxe6 24. c5 b5 25. cxb6 d5 26. Rc1 Rb8 27. Rc6+
Ke7 28. Rc7+ Kf6 29. Rc6+ Ke7 30. a4 Bd7 31. Rc5 Kd6 32. Ra5 Rxb6 33. Rxa6 Rxa6
34. Bxa6 Kc5 35. Be2 Kb4 36. Bd1 Kc3 37. Be2 Kxb3 38. Bb5 Bc8 39. a5 Bb7 40. a6
Ba8 41. Kf2 d4 42. Ke1 Kc2 43. Bd7 d3 44. Kf2 Kd2 45. Bc8 e3+ 46. Kg3 e2 47.
Kh2 e1=Q 48. Bb7 Bxb7 49. axb7 Qb1 0-1

[Event "ODJM B 2016"]
[Site "Willingen GER"]
[Date "2016.05.17"]
[Round "5"]
[White "Schulze, Lukas"]
[Black "Abicht, Aruna Sophia"]
[Result "1-0"]
[Termination "normal"]
[Board "23"]
[WhiteElo "1299"]
[BlackElo "1060"]
[PlyCount "109"]
[WhiteFideId "12956856"]
[EventCountry "GER"]
[EventRounds "9"]
[EventType "swiss"]
[EventDate "2016.05.14"]

1. Nf3 c5 2. c4 Nf6 3. g3 Nc6 4. d4 cxd4 5. Nxd4 g6 6. Bg2 Bg7 7. O-O O-O 8.
Nc3 Nxd4 9. Qxd4 d6 10. Qd3 Rb8 11. Be3 b6 12. Rfd1 Bb7 13. Bxb7 Rxb7 14. Bd4
Rb8 15. e4 Nd7 16. Bxg7 Kxg7 17. Nb5 a6 18. Nd4 Rc8 19. Qc3 e5 20. Nf3 Qe7 21.
Rac1 Nc5 22. Re1 f5 23. exf5 Rxf5 24. Nd4 Rff8 25. f4 Qf6 26. Ne2 exf4 27. Nxf4
Qxc3 28. Rxc3 Rfe8 29. Rd1 g5 30. Nd5 b5 31. cxb5 axb5 32. Rdc1 Re2 33. b4 Nd3
34. Rxc8 Nxc1 35. Rxc1 Rxa2 36. Nc3 Rb2 37. Nxb5 Rxb4 38. Nxd6 h5 39. Re1 h4
40. gxh4 gxh4 41. Re4 Rxe4 42. Nxe4 Kg6 43. Kg2 Kh5 44. Kh3 Kh6 45. Kxh4 Kg6
46. Kg4 Kh6 47. h4 Kg6 48. h5+ Kh6 49. Kh4 Kg7 50. Kg5 Kh7 51. h6 Kh8 52. Kg6
Kg8 53. Nd6 Kh8 54. Nf7+ Kg8 55. h7+ 1-0

[Event "ODJM B 2016"]
[Site "Willingen GER"]
[Date "2016.05.17"]
[Round "5"]
[White "Reuker, Ronja"]
[Black "Jahrke, Jonas"]
[Result "0-1"]
[Termination "normal"]
[Board "24"]
[WhiteElo "1132"]
[BlackElo "1526"]
[PlyCount "48"]
[WhiteFideId "12947172"]
[BlackFideId "12984353"]
[EventCountry "GER"]
[EventRounds "9"]
[EventType "swiss"]
[EventDate "2016.05.14"]

1. e4 c5 2. Nf3 e6 3. d4 cxd4 4. Nxd4 a6 5. Nc3 Qc7 6. Bd3 b5 7. a3 Bb7 8. O-O
Nf6 9. Re1 d6 10. Bg5 Nbd7 11. Bh4 Be7 12. Bg3 O-O 13. Qe2 Rac8 14. e5 dxe5 15.
Bxe5 Nxe5 16. Qxe5 Bd6 17. Qe3 Bxh2+ 18. Kh1 h6 19. Ne4 Nd5 20. Qf3 Be5 21. c3
Bxd4 22. cxd4 Qf4 23. Qxf4 Nxf4 24. Re3 Nxd3 0-1

[Event "ODJM B 2016"]
[Site "Willingen GER"]
[Date "2016.05.17"]
[Round "5"]
[White "Winterberg, Martin"]
[Black "Frank, Marek"]
[Result "0-1"]
[Termination "normal"]
[Board "25"]
[WhiteElo "1046"]
[BlackElo "1386"]
[PlyCount "100"]
[WhiteFideId "16245091"]
[BlackFideId "16239520"]
[EventCountry "GER"]
[EventRounds "9"]
[EventType "swiss"]
[EventDate "2016.05.14"]

1. e4 c5 2. Nc3 a6 3. f4 Nc6 4. Nf3 g6 5. Bc4 b5 6. Bd5 Bb7 7. O-O Nf6 8. d3
Nxd5 9. Nxd5 Bg7 10. Qe1 O-O 11. Qh4 e6 12. Qxd8 Rfxd8 13. Ne3 Rac8 14. Bd2
Bxb2 15. Rab1 Bg7 16. c4 b4 17. a3 a5 18. Nc2 Rb8 19. d4 Nxd4 20. Nfxd4 cxd4
21. axb4 axb4 22. Rxb4 Bxe4 23. Na3 Rxb4 24. Bxb4 Bf8 25. Bxf8 Kxf8 26. Rd1 d3
27. Nb1 Rc8 28. Nd2 f5 29. Kf2 Kf7 30. g3 d5 31. Rc1 dxc4 32. Rxc4 Rxc4 33.
Nxc4 Kf6 34. Nd2 e5 35. Ke3 exf4+ 36. gxf4 h6 37. h4 g5 38. hxg5+ hxg5 39. Nc4
g4 40. Kf2 Ke6 41. Ke3 g3 42. Nd2 Kd5 43. Nb3 Kc4 44. Nd2+ Kc3 45. Nb1+ Kc2 46.
Na3+ Kc1 47. Nc4 g2 48. Kf2 d2 49. Ne3 d1=N+ 50. Nxd1 Kxd1 0-1

[Event "ODJM B 2016"]
[Site "Willingen GER"]
[Date "2016.05.17"]
[Round "5"]
[White "Rempe, Mieke"]
[Black "Hierl, Johannes"]
[Result "1-0"]
[Termination "normal"]
[Board "26"]
[WhiteElo "1345"]
[BlackElo "1142"]
[PlyCount "51"]
[WhiteFideId "16202384"]
[BlackFideId "16235096"]
[EventCountry "GER"]
[EventRounds "9"]
[EventType "swiss"]
[EventDate "2016.05.14"]

1. e4 e5 2. Nf3 Nc6 3. Bb5 a6 4. Ba4 Nf6 5. O-O Be7 6. Re1 b5 7. Bb3 O-O 8. c3
d6 9. d4 Bb7 10. Be3 Nxe4 11. Bc2 Nf6 12. Bg5 Nd7 13. Qd3 f5 14. Bb3+ Kh8 15.
Bxe7 Qxe7 16. Nbd2 Qf6 17. Qe3 Rae8 18. Qg5 Qxg5 19. Nxg5 exd4 20. Nf7+ Kg8 21.
Nxd6+ Kh8 22. Nxe8 dxc3 23. bxc3 Nce5 24. Nxc7 Rc8 25. Nd5 Bxd5 26. Bxd5 1-0

[Event "ODJM B 2016"]
[Site "Willingen GER"]
[Date "2016.05.17"]
[Round "5"]
[White "Stork, Christopher"]
[Black "Müller, Lenny William"]
[Result "1-0"]
[Termination "normal"]
[Board "27"]
[WhiteElo "1654"]
[BlackElo "1100"]
[PlyCount "117"]
[WhiteFideId "16215400"]
[BlackFideId "16272811"]
[EventCountry "GER"]
[EventRounds "9"]
[EventType "swiss"]
[EventDate "2016.05.14"]

1. e4 e5 2. Nf3 Nc6 3. d4 d6 4. dxe5 dxe5 5. Qxd8+ Nxd8 6. Nxe5 Nf6 7. Bd3 g6
8. O-O Bg7 9. Nf3 O-O 10. Nc3 Bg4 11. Bf4 Ne6 12. Bg3 Bxf3 13. gxf3 c6 14. Rad1
Nd4 15. f4 Nh5 16. e5 Nxg3 17. fxg3 Nf5 18. Bxf5 gxf5 19. Rd7 b5 20. Rc7 Rfc8
21. Rxc8+ Rxc8 22. Rd1 Bf8 23. Kg2 Kg7 24. Ne2 Kg6 25. Rd7 a5 26. h3 h5 27. Nd4
Bc5 28. Nf3 f6 29. Nh4+ Kh6 30. Nxf5+ Kg6 31. Nh4+ Kh6 32. exf6 Rf8 33. g4 hxg4
34. hxg4 Bd4 35. Nf5+ Kg6 36. Rxd4 Kxf6 37. Rd6+ Kf7 38. Rxc6 Rd8 39. Rd6 Rc8
40. c3 b4 41. Rd3 Rb8 42. c4 a4 43. b3 a3 44. Rd5 Rb6 45. Nd6+ Ke6 46. f5+ Kf6
47. Ne4+ Ke7 48. f6+ Kf7 49. g5 Re6 50. Kf3 Kg6 51. Rd6 Re8 52. Rd5 Re6 53. c5
Kf7 54. Rd6 Re8 55. c6 Rc8 56. Kf4 Kg6 57. Nc5 Kf7 58. Rd7+ Kg8 59. c7 1-0

[Event "ODJM B 2016"]
[Site "Willingen GER"]
[Date "2016.05.17"]
[Round "5"]
[White "Borgmann, Simon"]
[Black "Arnold, Alexandria"]
[Result "1/2-1/2"]
[Termination "normal"]
[Board "28"]
[WhiteElo "1318"]
[BlackElo "1047"]
[PlyCount "87"]
[WhiteFideId "16234677"]
[BlackFideId "16205383"]
[EventCountry "GER"]
[EventRounds "9"]
[EventType "swiss"]
[EventDate "2016.05.14"]

1. e4 e5 2. Nf3 Nc6 3. Bc4 Bc5 4. c3 d6 5. d3 Nf6 6. O-O Be6 7. Bb3 Qd7 8. Bxe6
fxe6 9. Qe2 O-O-O 10. Be3 Bb6 11. Bxb6 axb6 12. b4 d5 13. b5 Na7 14. Nxe5 Qe8
15. a4 Nd7 16. Nxd7 Qxd7 17. e5 Kb8 18. d4 g5 19. Qh5 h6 20. Ra2 Rdg8 21. Qd1
h5 22. g3 h4 23. g4 h3 24. f4 gxf4 25. Rxf4 Rh4 26. Nd2 Qg7 27. Nf1 Qg5 28.
Raf2 Rxg4+ 29. Rxg4 Qxg4+ 30. Qxg4 Rxg4+ 31. Ng3 c6 32. bxc6 bxc6 33. Rf6 b5
34. axb5 Nxb5 35. Rxe6 Nxc3 36. Rxc6 Ne4 37. Rh6 Nxg3 38. hxg3 Rxg3+ 39. Kh2
Rd3 40. e6 Kc7 41. e7 Kd7 42. Rd6+ Kxe7 43. Rxd5 Ke6 44. Rh5 1/2-1/2

[Event "ODJM B 2016"]
[Site "Willingen GER"]
[Date "2016.05.17"]
[Round "5"]
[White "Unbehend, Marius"]
[Black "Lorenz, Keana"]
[Result "1/2-1/2"]
[Termination "normal"]
[Board "29"]
[WhiteElo "1311"]
[BlackElo "1037"]
[PlyCount "48"]
[WhiteFideId "16214420"]
[BlackFideId "12990248"]
[EventCountry "GER"]
[EventRounds "9"]
[EventType "swiss"]
[EventDate "2016.05.14"]

1. e4 c5 2. d4 cxd4 3. c3 dxc3 4. Nxc3 Nc6 5. Nf3 Nf6 6. Bc4 e6 7. O-O Qc7 8.
Nb5 Qd8 9. Bf4 d6 10. Bxd6 Bxd6 11. Qxd6 Qxd6 12. Nxd6+ Ke7 13. e5 Nd7 14. Rfe1
Rd8 15. Nb5 a6 16. Na3 b5 17. Bd3 Ndxe5 18. Nxe5 Nxe5 19. Bxh7 f6 20. f4 Nc6
21. Rad1 Bb7 22. Be4 f5 23. Bf3 Rab8 24. Rxd8 Rxd8 1/2-1/2

[Event "ODJM B 2016"]
[Site "Willingen GER"]
[Date "2016.05.17"]
[Round "5"]
[White "Lohrmann, Linus"]
[Black "Kreitmeier, Anika"]
[Result "1-0"]
[Termination "normal"]
[Board "30"]
[WhiteElo "1036"]
[BlackElo "1310"]
[PlyCount "33"]
[WhiteFideId "12982857"]
[BlackFideId "12991775"]
[EventCountry "GER"]
[EventRounds "9"]
[EventType "swiss"]
[EventDate "2016.05.14"]

1. e4 e5 2. Nf3 Nc6 3. d4 exd4 4. Bc4 Bb4+ 5. c3 dxc3 6. Nxc3 h6 7. a3 Bxc3+ 8.
bxc3 Nge7 9. O-O O-O 10. Qd2 d6 11. Qf4 Ng6 12. Qg3 Bd7 13. Qxg6 Kh8 14. Bxf7
Qe7 15. Ng5 Qxg5 16. Bxg5 hxg5 17. Qh5# 1-0

[Event "ODJM B 2016"]
[Site "Willingen GER"]
[Date "2016.05.17"]
[Round "5"]
[White "Feil, Alexander"]
[Black "Wagner, Margarethe"]
[Result "1/2-1/2"]
[Termination "normal"]
[Board "31"]
[WhiteElo "1371"]
[BlackElo "1036"]
[PlyCount "49"]
[WhiteFideId "4002954"]
[BlackFideId "16236947"]
[EventCountry "GER"]
[EventRounds "9"]
[EventType "swiss"]
[EventDate "2016.05.14"]

1. e4 c5 2. d4 cxd4 3. c3 dxc3 4. Nxc3 e6 5. Nf3 a6 6. Bc4 Ne7 7. Bf4 Ng6 8.
Qd2 Nxf4 9. Qxf4 Be7 10. O-O O-O 11. Rfe1 b5 12. Bd3 Bb7 13. Rad1 Nc6 14. a3
Rc8 15. e5 Na5 16. Re2 Bxf3 17. Qxf3 Nb3 18. h3 g6 19. Bc2 Na5 20. g3 b4 21.
axb4 Bxb4 22. Ne4 Be7 23. h4 Nc4 24. Qc3 a5 25. b3 1/2-1/2

[Event "ODJM B 2016"]
[Site "Willingen GER"]
[Date "2016.05.17"]
[Round "5"]
[White "Rockmann, Enno"]
[Black "Strohschneider, Leon"]
[Result "1-0"]
[Termination "normal"]
[Board "32"]
[WhiteElo "1414"]
[BlackElo "996"]
[PlyCount "89"]
[WhiteFideId "12982920"]
[BlackFideId "16211634"]
[EventCountry "GER"]
[EventRounds "9"]
[EventType "swiss"]
[EventDate "2016.05.14"]

1. e4 c5 2. Nf3 d6 3. c3 Nf6 4. Be2 Nxe4 5. Qa4+ Bd7 6. Qxe4 Nc6 7. O-O g6 8.
d4 cxd4 9. Nxd4 Bg7 10. Nxc6 bxc6 11. Be3 O-O 12. Nd2 Qc7 13. Qxe7 Rfe8 14. Qh4
d5 15. Qg3 Qb7 16. Nb3 Rab8 17. Nc5 Qc8 18. Ba6 Qd8 19. Qd6 Qe7 20. Bg5 Be5 21.
Qxe7 Rxe7 22. Bxe7 Bf5 23. Rfe1 Bh8 24. Bd6 Rxb2 25. Re8+ Kg7 26. Be5+ f6 27.
Bxf6+ Kxf6 28. Rxh8 Rb6 29. Bd3 Kg5 30. Bxf5 Kxf5 31. Rf8+ Ke5 32. Nd7+ Ke6 33.
Nxb6 axb6 34. Rb1 b5 35. Rh8 h5 36. Rg8 Kf6 37. Rc8 Ke5 38. Rxc6 d4 39. Rxb5+
Ke4 40. Rxg6 dxc3 41. Rc6 Kd3 42. Rbc5 Kd2 43. Rxc3 Ke2 44. Rd6 h4 45. Re3# 1-0

[Event "ODJM B 2016"]
[Site "Willingen GER"]
[Date "2016.05.17"]
[Round "5"]
[White "Ziegenfuß, Larissa"]
[Black "Toma, Yanis"]
[Result "1-0"]
[Termination "normal"]
[Board "33"]
[WhiteElo "1526"]
[BlackElo "1319"]
[PlyCount "81"]
[WhiteFideId "12974722"]
[BlackFideId "16215460"]
[EventCountry "GER"]
[EventRounds "9"]
[EventType "swiss"]
[EventDate "2016.05.14"]

1. e4 e5 2. Nf3 Nc6 3. d4 exd4 4. Bc4 Bb4+ 5. c3 dxc3 6. O-O cxb2 7. Bxb2 Nf6
8. e5 Nh5 9. Qb3 Qe7 10. a3 Bc5 11. Nc3 Na5 12. Qa2 Nxc4 13. Qxc4 c6 14. Qg4 g6
15. Rfe1 Qe6 16. Qe4 Bb6 17. Qd3 Nf4 18. Qf1 Qg4 19. Ne4 Nd5 20. h3 Qe6 21.
Nf6+ Kf8 22. Ng5 Qf5 23. Nfxh7+ Rxh7 24. Nxh7+ Kg8 25. Nf6+ Nxf6 26. exf6 d5
27. Re8+ Kh7 28. Qe2 Qg5 29. Qf3 Qh5 30. Qxh5+ gxh5 31. Rae1 d4 32. Kf1 c5 33.
R1e5 Kg6 34. Rg8+ Kxf6 35. Ree8 c4 36. Rxc8 Rxc8 37. Rxc8 c3 38. Bc1 Ba5 39.
Ke2 Ke6 40. Kd3 Bb6 41. Rh8 1-0

[Event "ODJM B 2016"]
[Site "Willingen GER"]
[Date "2016.05.17"]
[Round "5"]
[White "Waligora, Franciszek"]
[Black "Klugstedt, Vincent"]
[Result "0-1"]
[Termination "normal"]
[Board "34"]
[WhiteElo "1021"]
[BlackElo "1281"]
[PlyCount "118"]
[WhiteFideId "4005120"]
[BlackFideId "16216393"]
[EventCountry "GER"]
[EventRounds "9"]
[EventType "swiss"]
[EventDate "2016.05.14"]

1. e4 c5 2. d4 cxd4 3. c3 dxc3 4. Nxc3 Nc6 5. Nf3 g6 6. Bc4 Bg7 7. O-O Nf6 8.
Bf4 d6 9. e5 Nh5 10. Bg3 Nxg3 11. fxg3 Qb6+ 12. Kh1 Bxe5 13. Bxf7+ Kd8 14. Nxe5
Nxe5 15. Bb3 Ng4 16. Qe2 Qe3 17. h3 Qxe2 18. Nxe2 Ne5 19. Ba4 Bd7 20. Bxd7 Kxd7
21. Rac1 Rhf8 22. Rxf8 Rxf8 23. Kg1 Nd3 24. Rc2 Rc8 25. Rd2 Nb4 26. b3 Rc2 27.
Rxc2 Nxc2 28. Kf2 Nb4 29. a3 Nd5 30. Kf3 e6 31. Ke4 Nf6+ 32. Kd4 e5+ 33. Kd3 d5
34. Ke3 Kd6 35. Kd3 Kc5 36. Kc3 d4+ 37. Kd3 e4+ 38. Kd2 g5 39. g4 b5 40. Kd1 e3
41. Kc2 Ne4 42. Kc1 d3 43. Ng1 Kd4 44. Nf3+ Kc3 45. b4 d2+ 46. Kd1 Nf2+ 47. Ke2
d1=Q+ 48. Kxe3 Nd3 49. Nxg5 Qe1+ 50. Kf3 Qf2+ 51. Ke4 Qf4+ 52. Kd5 Qxg5+ 53.
Ke6 Nf4+ 54. Kd6 Qd5+ 55. Ke7 Qe6+ 56. Kd8 Qf7 57. Kc8 Nd5 58. Kb8 Qc7+ 59. Ka8
Nb6# 0-1

[Event "ODJM B 2016"]
[Site "Willingen GER"]
[Date "2016.05.17"]
[Round "5"]
[White "Beyer, Clemens"]
[Black "Götz, Timon"]
[Result "0-1"]
[Termination "normal"]
[Board "35"]
[WhiteElo "1028"]
[BlackElo "1268"]
[PlyCount "54"]
[WhiteFideId "16245407"]
[BlackFideId "16245040"]
[EventCountry "GER"]
[EventRounds "9"]
[EventType "swiss"]
[EventDate "2016.05.14"]

1. d4 Nf6 2. Nf3 g6 3. Nc3 Bg7 4. g3 b6 5. Bg2 Bb7 6. O-O O-O 7. h3 d5 8. Be3
Nbd7 9. Qd2 Re8 10. Bh6 Bxh6 11. Qxh6 c5 12. dxc5 bxc5 13. Ng5 Nf8 14. Rad1 e6
15. e4 d4 16. Ne2 e5 17. Qh4 Qb6 18. Rb1 Ba6 19. Rfe1 Rad8 20. Nc1 c4 21. b3 d3
22. cxd3 cxd3 23. Rd1 d2 24. g4 Qa5 25. Rb2 Qc3 26. Rb1 Qc2 27. a4 Qxd1+ 0-1

[Event "ODJM B 2016"]
[Site "Willingen GER"]
[Date "2016.05.17"]
[Round "5"]
[White "Jacoby, Angelina"]
[Black "Reichel, Sara"]
[Result "1-0"]
[Termination "normal"]
[Board "36"]
[WhiteElo "1240"]
[BlackElo "940"]
[PlyCount "67"]
[WhiteFideId "12999008"]
[BlackFideId "16245130"]
[EventCountry "GER"]
[EventRounds "9"]
[EventType "swiss"]
[EventDate "2016.05.14"]

1. d4 f5 2. Nc3 Nf6 3. Bg5 e6 4. e4 h6 5. Bxf6 Qxf6 6. e5 Qd8 7. Qh5+ Ke7 8.
Be2 d5 9. Qg6 Qe8 10. Qxe8+ Kxe8 11. O-O-O Be7 12. Nb5 Bg5+ 13. Kb1 Na6 14. c4
c6 15. Nd6+ Ke7 16. Nf3 Bd7 17. h4 Bf4 18. g3 Bxe5 19. dxe5 Nc5 20. cxd5 cxd5
21. Rc1 Ne4 22. Nxe4 fxe4 23. Nd4 Rhf8 24. f3 exf3 25. Bxf3 a5 26. Rc7 Ra7 27.
Bg4 Kd8 28. Rcc1 Ra6 29. Rhf1 Ke8 30. Rxf8+ Kxf8 31. Rc7 Ke8 32. Rxb7 Kd8 33.
Rb8+ Kc7 34. Rg8 1-0

[Event "ODJM B 2016"]
[Site "Willingen GER"]
[Date "2016.05.17"]
[Round "5"]
[White "Kalina, Lena"]
[Black "Burdot, Clara"]
[Result "0-1"]
[Termination "normal"]
[Board "37"]
[WhiteElo "1410"]
[BlackElo "921"]
[PlyCount "150"]
[WhiteFideId "12988014"]
[BlackFideId "4004779"]
[EventCountry "GER"]
[EventRounds "9"]
[EventType "swiss"]
[EventDate "2016.05.14"]

1. d4 d5 2. Nf3 Nc6 3. c4 Bg4 4. Nc3 Nf6 5. Bg5 Bxf3 6. gxf3 e6 7. e3 h6 8.
Bxf6 gxf6 9. cxd5 exd5 10. Qb3 Bb4 11. Bb5 Bxc3+ 12. Qxc3 Qd7 13. Rc1 f5 14.
Bxc6 Qxc6 15. Qxc6+ bxc6 16. Rxc6 Kd7 17. Rf6 Rhb8 18. Rxf7+ Kd6 19. Rxf5 Rxb2
20. Rf1 Rxa2 21. e4 dxe4 22. fxe4 Re8 23. Rf4 a5 24. Rh4 Kd7 25. f3 Re6 26. Rg1
Ra1+ 27. Kf2 Ra2+ 28. Ke3 Ra3+ 29. Ke2 Ra2+ 30. Kd3 Ra3+ 31. Kc4 Rc6+ 32. Kb5
Rb6+ 33. Kc4 Rc6+ 34. Kd5 Rd6+ 35. Ke5 Re6+ 36. Kf5 Rxf3+ 37. Kg4 Rxe4+ 38.
Kxf3 Rxh4 39. Ra1 Rxd4 40. Rxa5 Rd3+ 41. Kf4 c6 42. Ra7+ Kd6 43. Ra8 Rh3 44.
Rd8+ Ke6 45. Re8+ Kd6 46. Rd8+ Kc7 47. Rd2 c5 48. Kg4 Re3 49. Rf2 Kd6 50. Rf6+
Re6 51. Rf8 c4 52. Rd8+ Kc5 53. Rc8+ Rc6 54. Rxc6+ Kxc6 55. Kf4 Kd5 56. Ke3 Ke5
57. Kd2 Kd4 58. Kc1 Kc3 59. h3 Kd3 60. Kd1 c3 61. Kc1 c2 62. h4 h5 63. Kb2 Kd2
64. Kb3 c1=Q 65. Kb4 Qc2 66. Kb5 Qc3 67. Kb6 Qc4 68. Kb7 Qc5 69. Kb8 Qc6 70.
Ka7 Kc3 71. Kb8 Kb4 72. Ka7 Kb5 73. Kb8 Qd7 74. Ka8 Kb6 75. Kb8 Qb7# 0-1